000 01028cab a22002055a 4500
001 L148192
008 090818e20090814xxkdo f 000 0 eng d
035 _a(Sirsi) u148192
041 0 _aeng
100 1 _aShah, Aditi
245 0 0 _aSpecial report
_bbusiness and science parks
260 _c2009
490 0 _aProperty Week
_v75 (32) 14 August 2009, 43-46 (4)
520 _aDiscusses the market for business parks and science parks in the UK in 2009. Highlights that construction of business parks reduced with the recession, while the vacancy rate stands at 14.4%. Reveals that developers of business parks have learned to be flexible to keep occupiers as the space available for letting increases. Reports that joint ventures between private developers and science councils could help the UK keep its status of provider of world-class research facilities.
590 _aKA
651 4 _aUnited Kingdom
_y
690 _aPROPERTY-COMMERCIAL PROPERTY-COMMERCIAL PROPERTY MARKET
700 1 _aShepherd, Mark
942 _n0
999 _c81745
_d81745